000 00388cam a2200169ua 4500
001 8109
008 111223n II |||gr||||Z||||||eng
040 _aMAIN
041 _aEnglish
082 _a823 POP
100 _aPOPE, ALEXENDER.
245 _aTHE RAPE OF THE LOCK
260 _aLONDON
_bOXFORD UNIVERSITY PRESS
_c1982.
300 _a421.
653 _aEnglish fiction
942 _cBK
999 _c8090
_d8090